000 00218 a2200097 4500
001 14996
100 _a
245 _aMECCA The Muslims Pilgrimage
260 _aNew york
_bMoncef Guellaty
_c1979
090 _c11751
_d11751
942 _aNUST-CAE
_cM
_c1949
999 _c250069
_d250069